000 00187 a2200097 4500
001 41717
100 _aOlden, M
245 _aDai sho
260 _aCorgi
_bBook
_c
090 _c25838
_d25838
942 _aNUST-CAE
_cM
_c17600
999 _c276790
_d276790